Velázquez y su siglo
Saved in:
| Main Author: | |
|---|---|
| Other Authors: | |
| Document Type: | Book |
| Language: | Spanish German |
| Published: |
Madrid
: Espasa-Calpe
, 1953
|
| Subjects: | |
| Related Items: | Rezensiert in:
[Rezension von: Carl Justi, Velázquez y su siglo] |
| Author Notes: | Carl Justi ; traducido del alemán por Pedro Marrades ; revisión y apéndice Después de Justi : Medio siglo de estudios velazquistas por Juan Antonio Gaya Nuño |
| LEADER | 02777cam a2200505 c 4500 | ||
|---|---|---|---|
| 001 | 513992545 | ||
| 003 | DE-627 | ||
| 005 | 20260610102430.0 | ||
| 007 | tu | ||
| 008 | 060629s1953 sp ||||| 00| ||spa c | ||
| 035 | |a (DE-627)513992545 | ||
| 035 | |a (DE-576)9513992543 | ||
| 035 | |a (DE-599)GBV513992545 | ||
| 035 | |a (OCoLC)255650569 | ||
| 040 | |a DE-627 |b ger |c DE-627 |e rda | ||
| 041 | |a spa |h ger | ||
| 044 | |c XA-ES | ||
| 050 | 0 | |a ND813.V4 | |
| 082 | 0 | |a 759.6 |2 19 | |
| 084 | |a IM 1240 |2 rvk |0 (DE-625)rvk/60924: | ||
| 084 | |a IM 1270 |2 rvk |0 (DE-625)rvk/60926: | ||
| 084 | |a LI 91950 |2 rvk |0 (DE-625)rvk/97334: | ||
| 084 | |a 20.31 |2 bkl | ||
| 100 | 1 | |a Justi, Carl |d 1832-1912 |e VerfasserIn |0 (DE-588)118714325 |0 (DE-627)133366820 |0 (DE-576)161625428 |4 aut | |
| 245 | 1 | 0 | |a Velázquez y su siglo |c Carl Justi ; traducido del alemán por Pedro Marrades ; revisión y apéndice Después de Justi : Medio siglo de estudios velazquistas por Juan Antonio Gaya Nuño |
| 264 | 1 | |a Madrid |b Espasa-Calpe |c 1953 | |
| 300 | |a 917 Seiten |b Illustrationen | ||
| 336 | |a Text |b txt |2 rdacontent | ||
| 337 | |a ohne Hilfsmittel zu benutzen |b n |2 rdamedia | ||
| 338 | |a Band |b nc |2 rdacarrier | ||
| 583 | 1 | |a Massenentsäuerung nicht möglich |c 2018 |k DE-18 |2 pdager |5 DE-18-308 | |
| 689 | 0 | 0 | |d p |0 (DE-588)118626426 |0 (DE-627)121171981 |0 (DE-576)163403120 |a Velázquez, Diego Rodríguez de Silva y |d 1599-1660 |2 gnd |
| 689 | 0 | |5 DE-101 | |
| 700 | 1 | |a Gaya Nuño, Juan Antonio |d 1913-1976 |e HerausgeberIn |e VerfasserIn eines Nachworts |0 (DE-588)120367866 |0 (DE-627)080630766 |0 (DE-576)161073662 |4 edt |4 waw | |
| 700 | 1 | |a Marrades, Pedro |e ÜbersetzerIn |0 (DE-588)127276688 |0 (DE-627)695264451 |0 (DE-576)296284963 |4 trl | |
| 700 | 1 | 2 | |a Justi, Carl |d 1832-1912 |t Diego Velázquez und sein Jahrhundert <span.> |
| 787 | 0 | 8 | |i Rezensiert in |a Soehner, Halldor, 1919 - 1968 |t [Rezension von: Carl Justi, Velázquez y su siglo] |d Nürnberg : Carl, 1955 |w (DE-627)1687248281 |
| 936 | r | v | |a IM 1240 |b Perioden und Gestalten |k Romanistik |k Spanische Sprache und Literatur |k Geschichte |k Perioden und Gestalten |0 (DE-627)1271222817 |0 (DE-625)rvk/60924: |0 (DE-576)201222817 |
| 936 | r | v | |a IM 1270 |b Sozial- und Kulturgeschichte |k Romanistik |k Spanische Sprache und Literatur |k Geschichte |k Sozial- und Kulturgeschichte |0 (DE-627)1270918435 |0 (DE-625)rvk/60926: |0 (DE-576)200918435 |
| 936 | r | v | |a LI 91950 |b Velázquez, Diego Rodriguez de Silva y |k Kunstgeschichte |k Künstler-Monografien |k Alphabetische Künstlerliste |k Künstler V |k Velázquez, Diego Rodriguez de Silva y |0 (DE-627)1270638114 |0 (DE-625)rvk/97334: |0 (DE-576)200638114 |
| 936 | b | k | |a 20.31 |j Bildende Künstler |0 (DE-627)181571080 |
| 951 | |a BO | ||
| 990 | |a Velázquez, Diego Rodríguez de Silva y | ||
| 991 | |a Rezensiertes Werk | ||
| 999 | |a KXP-PPN513992545 |e 409895222X | ||


